Statistics for Countries JohnnyYeet has been to

Click here to take the quiz!

General Stats

  • This quiz has been taken 31 times
    (2 since last reset)
  • The average score is 3 of 15

Answer Stats

#Answer% Correct
1.United States
100%
7.Canada
50%
8.Mexico
50%
4.Spain
50%
3.United Kingdom
50%
12.Austria
0%
14.Czech Republic
0%
10.Dominican Republic
0%
9.Finland
0%
11.Germany
0%
2.India
0%
15.Netherlands
0%
13.Slovakia
0%
5.Turkey
0%
6.United Arab Emirates
0%

Score Distribution

Percentile by Number Answered

Percent of People with Each Score

Your Score History

You have not taken this quiz since the last reset